|
|
|
|
| LEADER |
00000nam a22000007a 4500 |
| 008 |
210819b ||||| |||| 00| 0 eng d |
| 020 |
|
|
|a ISBN: 978-93-86761-25-5
|
| 100 |
|
|
|a DUBEY, Sujeet Kumar.
|
| 245 |
|
|
|a Applied psychology/
|c Sujeet Kumar Dubey.-
|g v, 280p.
|
| 260 |
|
|
|b Ane Books
|c 2019
|h New Delhi
|i 696507 – Arts
|i 696508
|l BF149 .D85
|m 1. Psychology.
|m 2. Crime
|m I. Title.
|
| 500 |
|
|
|a “It includes index and references”
|
| 942 |
|
|
|a lcc
|c BK
|e j. o. ifatola
|f 19/ 08/ 2021
|
| 952 |
|
|
|0 0
|1 0
|2 lcc
|4 0
|6 BF0149 D85
|7 0
|9 3159
|a ART
|b HOL
|c AF
|d 2021-08-19
|l 0
|o BF149 .D85
|p 2021-66857
|r 2021-08-19 00:00:00
|w 2021-08-19
|y BK
|
| 952 |
|
|
|0 0
|1 0
|2 lcc
|4 0
|6 BF0149 D85
|7 0
|9 3160
|a ART
|b HOL
|c AF
|d 2021-08-19
|l 0
|o BF149 .D85
|p 2021-66858
|r 2021-08-19 00:00:00
|w 2021-08-19
|y BK
|
| 999 |
|
|
|c 1598
|d 1598
|